All 2024 Olympic Medalists: Field Hockey - Statistics

General Stats
  • This quiz has been taken 31 times
  • The average score is 20 of 101
Answer Stats
Event Medal Nationality/Team Medalist % Correct
Men's Gold Netherlands Jip Janssen
82%
Men's Gold Netherlands Thierry Brinkman
73%
Women's Gold Netherlands Yibbi Jansen
73%
Men's Gold Netherlands Duco Telgenkamp
64%
Men's Bronze India Manpreet Singh
55%
Men's Gold Netherlands Thijs van Dam
55%
Women's Gold Netherlands Frederique Matla
45%
Men's Bronze India Harmanpreet Singh
45%
Men's Bronze India Jarmanpreet Singh
45%
Men's Gold Netherlands Joep de Mol
45%
Men's Gold Netherlands Koen Bijen
45%
Women's Gold Netherlands Luna Fokke
45%
Women's Gold Netherlands Pien Dicke
45%
Women's Gold Netherlands Pien Sanders
45%
Men's Gold Netherlands Pirmin Blaak
45%
Women's Gold Netherlands Anne Veenendaal
36%
Women's Silver China Chen Yi
36%
Men's Gold Netherlands Derck de Vilder
36%
Women's Gold Netherlands Felice Albers
36%
Men's Bronze India Gurjant Singh
36%
Men's Bronze India Hardik Singh
36%
Women's Gold Netherlands Joosje Burg
36%
Men's Gold Netherlands Jorrit Croon
36%
Men's Gold Netherlands Justen Blok
36%
Men's Bronze India Mandeep Singh
36%
Women's Gold Netherlands Maria Verschoor
36%
Women's Gold Netherlands Marijn Veen
36%
Men's Bronze India Shamsher Singh
36%
Men's Bronze India Sukhjeet Singh
36%
Women's Gold Netherlands Xan de Waard
36%
Men's Gold Netherlands Floris Middendorp
27%
Men's Gold Netherlands Floris Wortelboer
27%
Women's Gold Netherlands Freeke Moes
27%
Men's Gold Netherlands Jonas de Geus
27%
Women's Gold Netherlands Lisa Post
27%
Men's Silver Germany Niklas Wellen
27%
Women's Gold Netherlands Renee van Laarhoven
27%
Women's Gold Netherlands Sanne Koolen
27%
Men's Gold Netherlands Tijmen Reyenga
27%
Women's Silver China Dan Wen
18%
Men's Silver Germany Gonzalo Peillat
18%
Men's Gold Netherlands Lars Balk
18%
Women's Gold Netherlands Laura Nunnink
18%
Men's Silver Germany Lukas Windfeder
18%
Women's Gold Netherlands Marleen Jochems
18%
Men's Silver Germany Mats Grambusch
18%
Men's Bronze India P. R. Sreejesh
18%
Men's Gold Netherlands Seve van Ass
18%
Men's Gold Netherlands Tjep Hoedemakers
18%
Men's Silver Germany Tom Grambusch
18%
Men's Bronze India Vivek Prasad
18%
Men's Bronze India Abhishek
9%
Men's Bronze India Amit Rohidas
9%
Men's Silver Germany Christopher Ruhr
9%
Men's Silver Germany Hannes Muller
9%
Men's Silver Germany Jean Danneberg
9%
Men's Silver Germany Justus Weigand
9%
Men's Silver Germany Malte Hellwig
9%
Men's Silver Germany Marco Miltkau
9%
Men's Silver Germany Martin Zwicker
9%
Men's Silver Germany Mathias Muller
9%
Men's Silver Germany Moritz Ludwig
9%
Men's Silver Germany Paul-Philipp Kaufmann
9%
Men's Bronze India Raj Kumar Pal
9%
Men's Silver Germany Teo Hinrichs
9%
Men's Silver Germany Thies Prinz
9%
Women's Silver China Yang Liu
9%
Women's Bronze Argentina Agostina Alonso
0%
Women's Bronze Argentina Agustina Albertario
0%
Women's Bronze Argentina Agustina Gorzelany
0%
Women's Silver China Chen Yang
0%
Women's Bronze Argentina Cristina Cosentino
0%
Women's Bronze Argentina Eugenia Trinchinetti
0%
Women's Silver China Fan Yunxia
0%
Women's Silver China Gu Bingfeng
0%
Women's Silver China He Jiangxin
0%
Men's Silver Germany Johannes Grosse
0%
Women's Bronze Argentina Juana Castellaro
0%
Women's Bronze Argentina Julieta Jankunas
0%
Men's Bronze India Lalit Upadhyay
0%
Women's Bronze Argentina Lara Casas
0%
Women's Silver China Li Hong
0%
Women's Silver China Ma Ning
0%
Women's Bronze Argentina Maria Jose Granatto
0%
Women's Silver China Ou Zixia
0%
Women's Bronze Argentina Pilar Campoy
0%
Women's Bronze Argentina Rocio Sanchez Moccia
0%
Men's Bronze India Sanjay Dabra
0%
Women's Bronze Argentina Sofia Cairo
0%
Women's Bronze Argentina Sofia Toccalino
0%
Men's Bronze India Sumit Walmiki
0%
Women's Silver China Tan Jinzhuang
0%
Women's Bronze Argentina Valentina Raposo
0%
Women's Bronze Argentina Victoria Sauze
0%
Women's Silver China Xu Wenyu
0%
Women's Silver China Ye Jiao
0%
Women's Silver China Yu Anhui
0%
Women's Silver China Zhang Ying
0%
Women's Silver China Zhong Jiaqi
0%
Women's Bronze Argentina Zoe Diaz
0%
Women's Silver China Zou Meirong
0%
No matching quizzes found
Score Distribution
Percent of People with Each Score
Percentile by Number Answered
Your Score History
You have not taken this quiz